Principles of Micro Economics-I/ (Record no. 196731)

MARC details
000 -LEADER
fixed length control field 00659nam a22001937a 4500
005 - DATE AND TIME OF LATEST TRANSACTION
control field 20231211145932.0
010 ## - LCCN (DPL NO)
LC control number ENG-137665
020 ## - INTERNATIONAL STANDARD BOOK NUMBER
International Standard Book Number 9789392080692
Terms of availability 240.00
035 ## - SYSTEM CONTROL NUMBER
System control number EN-121197
037 ## - SOURCE OF ACQUISITION
Source of stock number/acquisition Kitab Mahal Publishers
082 ## - DEWEY DECIMAL CLASSIFICATION NUMBER
Classification number 339
100 ## - MAIN ENTRY--PERSONAL NAME
Personal name Chaturvedi, D.D.
245 ## - TITLE STATEMENT
Title Principles of Micro Economics-I/
Statement of responsibility, etc by D.D. Chaturvedi
260 ## - PUBLICATION, DISTRIBUTION, ETC. (IMPRINT)
Place of publication, distribution, etc New Delhi
Name of publisher, distributor, etc Kitab Mahal
Date of publication, distribution, etc 2023
270 ## - ADDRESS
Address 4655/21, Ansari Road, Daryaganj
City Delhi
Postal code 110002
300 ## - PHYSICAL DESCRIPTION
Extent 240p.
Dimensions 21cm(pbk)
500 ## - GENERAL NOTE
General note For B.Com(H), G.E. -4 & B.A. Semester - II, Delhi University (As per National Education Policy 2020)
942 ## - ADDED ENTRY ELEMENTS (KOHA)
Source of classification or shelving scheme Dewey Decimal Classification
Item type English Books
Call number suffix CHA
Classification part 339
Holdings
Withdrawn status Lost status Not for loan Collection code Home library Current library Date acquired Source of acquisition Cost, normal purchase price Full call number Barcode Copy number Cost, replacement price Koha item type
      Non-fiction Kadipur Kadipur 02/08/2023 DBAD/PUB 375.00 339 CHA EN-121197 1 375.00 English Books
      Non-fiction Vinoba Puri Vinoba Puri 24/07/2023 DBAD/PUB 375.00 338.5 CHA EN-121061 1 375.00 English Books

© Delhi Public Library
Hit Counter
free hit counter